=LDR 00000nam 2200000 4500 =001 INLIS000000000033556 =005 20130612135514 =008 ***********************************ind** =035 ##$$0010-061300000033556 =041 ##$$a ind =082 ##$$a 540 =090 ##$$a 540, Sri,k =100 ##$$a Sri Mulyani =245 ##$$a Kamus Fisika, Sri Mulyani,Hendrawan =260 ##$$a 2005 $b Malang =300 ##$$a ....Jil, 23cm =650 ##$$a Kimia =700 ##$$a Hendrawan =850 ##$$a NBPNMAT